K analýze východiskového stavu novej mzdovej politiky v odvetví kultúry ČSFR.

Porovnanie vývoja priemerných miezd v oblasti kultúry ČSR a SSR v rokoch 7. päťročnice a v rokoch 1986 a 1987. Skúmanie mzdovej diferenciácie pracovníkov kultúry podľa vzdelania, veku a typu organizácie. Nutnosť formulovať nové princípy odmeňovania, ktoré vyhovujú novým spoločensko-ekonomickým podmi...

ver descrição completa

Na minha lista:
Detalhes bibliográficos
Autor principal: Brenčičová, M.
Formato: Capítulo de Livro
Idioma:eslovaco
Assuntos:
Tags: Adicionar Tag
Sem tags, seja o primeiro a adicionar uma tag!

MARC

LEADER 00000naa a2200000 4500
001 r004886
005 20221125081003.5
041 0 |a slo 
044 |a [CS] 
245 1 0 |a K analýze východiskového stavu novej mzdovej politiky v odvetví kultúry ČSFR.  |c M. Brenčičová 
520 |a Porovnanie vývoja priemerných miezd v oblasti kultúry ČSR a SSR v rokoch 7. päťročnice a v rokoch 1986 a 1987. Skúmanie mzdovej diferenciácie pracovníkov kultúry podľa vzdelania, veku a typu organizácie. Nutnosť formulovať nové princípy odmeňovania, ktoré vyhovujú novým spoločensko-ekonomickým podmienkam. 
610 2 0 |a politika mzdová 
610 2 0 |a kultúra 
610 2 0 |a ČSFR 
610 2 0 |a porovnanie štatistické 
610 2 0 |a odmeňovanie 
610 2 0 |a diferenciácia mzdová 
610 2 0 |a 1986-1987 
100 1 |a Brenčičová, M.